00796nam a2200217Ia 4500008004100000020001700041040001400058082002200072100002000094245007200114260005100186300001100237365002700248366000800275505002200283530003000305620008200335630007200417650001700489730007200506100315s9999 xx 000 0 und d a8120309189  cENGLISH  b9351 a658.151  a"Pandey, I.M. " aFinance : A Management Guide for Managing Company Funds and Profits aNEW DELHI bPRENTICE-HALL OF INDIA  c1995  a236   eRupees d1 b95.00  f0  gVaibhav Gaikwad  bDonated By RBI Library   a"Finance, Management, Financial Analysis, Cost Analysis, Funds Management, " aFinance : A Management Guide for Managing Company Funds and Profits aMANAGEMENT  aFinance : A Management Guide for Managing Company Funds and Profits